Guess the country by the person who was born in it - Statistics

General Stats
  • This quiz has been taken 50 times
  • The average score is 9 of 32
Answer Stats
Picture Answer % Correct
Mongolia
93%
Austria
78%
South Africa
73%
Vietnam
58%
France
53%
Uganda
50%
USA
43%
Iran
35%
Ukraine
35%
Egypt
30%
Finland
30%
North Korea
30%
Tanzania
30%
Venezuela
30%
Greece
28%
Serbia
28%
UK
28%
Russia
25%
Turkmenistan
25%
Portugal
23%
Belgium
20%
Italy
18%
Pakistan
18%
Canada
15%
Hungary
10%
Sweden
10%
Australia
8%
Lithuania
8%
Mexico
8%
Armenia
5%
Nigeria
5%
Kyrgyzstan
3%
No matching quizzes found
Score Distribution
Percent of People with Each Score
Percentile by Number Answered
Your Score History
You have not taken this quiz